000 00780nam a2200301Ia 4500
001 Z_4998
003 CHAP
008 220113s1999 xx 000 0 und d
010 _a168054
040 _cCHAP
082 _aA-15
100 _aAgrovídeo International
_9142304
245 _aGallinas producción de huevos /
_cpor Agrovídeo International
260 _aMéxico, D. F. :
_bAgrovídeo,
_c1999
300 _a1 Videocassette VHS
440 _aAves domésticas
_9142320
500 _aDuración 52 min.
503 _aC/E
650 _aAves de corral
_xManejo
_9140866
650 _aEducación audiovisual
_935558
650 _aHuevo
_xProducción
_9142321
901 _aA-15
902 _aA
910 _a1999
942 _cc14
942 _cc14
999 _c168054
_d168054